1341 1214 1596 1034 1396 1660 1447 1622 1038 1850 1631 1070 1892 1304 1779 1716 1412 1670 1297 1792 1767 1452 1096 1249 1101 1739 1353 1481 1304 1778 1159 1204 1424 1580 1578 1415 1824 1558 1941 1055 1908 1773 1603 1505 1039 1991 1777 1771 1068 1923 1724 1991 1204 1468 1356 1185 1317 1524 1212 1828 1312 1452 1012 1289 1575 1727 1549 1847 1265 1898 1838 1885 1042 1075 1438 1507 1722 1839 1182 1815 1340 1056 1258 1643 1217 1145 1624 1210 1439 1921 1189 1627 1387 1645 1594 1327 1001 1824 1285 BCNSPRNW ULIB Ver.6.0+V

เปลี่ยนเป็นภาษาไทย

Change to English
 แสดงรายละเอียดบรรณานุกรม
  กลับหน้าหลัก

Brief Record : Get Marc (ISO 2709) : E-mail record : QR code < ปิดหน้าต่าง
LEADER : 00000nam 2200000uu 4500
001    13399110135
003     ULIB
008    110422s2552||||th 000 0 tha d
024    9786160600359
090    นว^bม756a 2552
100 0  เมย์ 112
245 00 Aus-boyพิชิตรักร้ายล่าหัวใจยัยจอมดื้อ^cmay 112
260    กรุงเทพฯ:^bแจ่มใส,^c2552
300    173 หน้า
945    ^p139^l0^i029994
995    เกษร
999    ^aใช้งานได้ทุกระบบ
รายการนี้ยังไม่มีแท็ก
คุณยังไม่ได้ล็อกอิน คุณสามารถมีกิจกรรมร่วมกับเว็บไซต์ได้ แต่ต้องล็อกอินก่อน ::
  ล็อกอิน

รายการสื่อสารสนเทศ

ลำดับที่ ประเภท เลขเรียก/บาร์โค้ด สถานที่ สถานะ
1. วิทยาศาสตร์การแพทย์ และสุขภาพ
วิทยาศาสตร์การแพทย์ และสุขภาพ
นว ม756a 2552  
  Barcode: 029994
ห้องสมุดวิทยาเขตสวรรค์ประชารักษ์
►นวนิยาย
บนชั้น
  ขอยืม

รายการใกล้เคียง
    ผู้แต่ง [เมย์ 112]

BibComment


ยังไม่เคยถูกคอมเมนท์

คอมเมนท์ทรัพยากรรายการนี้
  คอมเมนท์: Ausboyพิชิตรักร้า..


 Copyright 2026. Bcnsprnw @Library